A megújuló energiaforrások technológiája, valamint gazdasági és kereskedelmi jelentősége az Európai Unió, illetve Magyarország területén, különös tekintettel a feltétel nélkül megújuló forrásokra

Bibliográfiai részletek
Szerző: Pál Gyula
További közreműködők: Lisányi Endréné Beke dr. Judit
Dokumentumtípus: Diplomadolgozat
Kulcsszavak:Megújuló energia
Megújuló energiaforrások
Európai Unió
Magyarország
Energiapolitika
Online Access:http://dolgozattar.uni-bge.hu/5163

MARC

LEADER 00000nta a2200000 i 4500
001 dolg5163
005 20170317111933.0
008 160429suuuu hu om 000 hun d
040 |a BGE Dolgozattár Repozitórium  |b hun 
041 |a hu 
100 1 |a Pál Gyula 
245 1 2 |a A megújuló energiaforrások technológiája, valamint gazdasági és kereskedelmi jelentősége az Európai Unió, illetve Magyarország területén, különös tekintettel a feltétel nélkül megújuló forrásokra  |c Pál Gyula  |h [elektronikus dokumentum] 
246 1 1 |a A megújuló energiaforrások technológiája, valamint gazdasági és kereskedelmi jelentősége az Európai Unió, illetve Magyarország területén, különös tekintettel a feltétel nélkül megújuló forrásokra 
695 |a Megújuló energia 
695 |a Megújuló energiaforrások 
695 |a Európai Unió  
695 |a  Magyarország  
695 |a Energiapolitika 
700 1 |a Lisányi Endréné Beke dr. Judit  |e ths 
856 4 0 |u http://dolgozattar.uni-bge.hu/5163/1/A%20meg%C3%BAjul%C3%B3%20energiaforr%C3%A1sok%20technol%C3%B3gi%C3%A1ja%2Cvalamint%20gazdas%C3%A1gi%20%C3%A9s%20kereskedelmi%20jelent%C5%91s%C3%A9ge%20az%20Eur%C3%B3pai%20Uni%C3%B3%2C%20illetve%20Magyarorsz%C3%A1g%20ter%C3%BClet%C3%A9n%2C%20k%C3%BCl%C3%B6n%C3%B6s%20tekintettel%20a%20felt%C3%A9tel%20n%C3%A9lk%C3%BCl%20meg%C3%BAjul%C3%B3%20forr%C3%A1sokra%20-%20P%C3%A1l%20Gyula%20I7DUEM%20Szakdolgozat.pdf  |z Dokumentum-elérés